000 00707nam a2200181Ia 4500
008 090124s9999 xx 000 0 und d
082 _b35756
100 _aठाकूर अजित
245 _a ऑन हर मॅजेस्टिज सिक्रेट सर्व्हिस
250 _a1
260 _bफ्लेमिंग इयान
_c2008
300 _a236
600 _aठाकूर अजित
630 _a ऑन हर मॅजेस्टिज सिक्रेट सर्व्हिस
700 _aठाकूर अजित
730 _a ऑन हर मॅजेस्टिज सिक्रेट सर्व्हिस
942 _cBOOK
999 _c200902
_d200902